000 02070nam a22004817a 4500
003 CHAP
005 20220817042345.0
008 971013s r 00010 d
010 _a41989
011 _a42961
035 _a47091
040 _cCHAP
082 _a378.242
_bE8
110 _aEscola Superior de Agricultura Luiz de Queiroz. Piracicaba
_937561
245 _aResumos de teses ; apresentados a ESALQ em 19 -
260 _aPiracicaba :
_bEscola,
_c19 -
300 _av.
490 _aBoletim de Divulgacao
500 _aLa biblioteca tiene : 1968-69, 1971, 1973, 1974, 1975, 1976, 1977, 1978, 1979, 1980, 1981
590 _aBATCH-UPD
_b10
_c20130110
_lUCH01
_h1158
590 _aBATCH-UPD
_b10
_c20130410
_lUCH01
_h0740
590 _aBATCH-UPD
_b10
_c20130914
_lUCH01
_h2044
590 _aCONVERSION
_b10
_c20130109
_lUCH01
_h1323
650 1 4 _aTesis
_xBibliografía.
650 1 4 _aTesis
_xSumarios.
_9112469
830 0 _aBoletim de Divulgacao
_913498
901 _aBK
942 _cLIBRO
949 _a378.242 E8
_bBC
_cC
_d33724000513693
_eC
_f1971
_h30174
_i47091
_si
949 _a378.242 E8
_bBC
_cC
_d33724000513701
_eC
_f1973 c.2
_h1735
_i47091
_si
949 _a378.242 E8
_bBC
_cC
_d33724000513719
_eC
_f1975
_h41974
_i47091
_si
949 _a378.242 E8
_bBC
_cC
_d33724000513727
_eC
_f1974
_h41253
_i47091
_si
949 _a378.242 E8
_bBC
_cC
_d33724000513768
_eC
_f1980
_h67352
_i47091
_si
949 _a378.242 E8
_bBC
_cC
_d33724000513784
_eC
_f1969
_h30173
_i47091
_si
949 _a378.242 E8
_bBC
_cC
_d33724000513792
_eC
_f1977
_h57745
_i47091
_si
949 _a378.242 E8
_bBC
_cC
_d33724000513818
_eC
_f1968
_h30172
_i47091
_si
949 _a378.242 E8
_bBC
_cC
_d33724000513834
_eC
_f1975 c.2
_h3880
_i47091
_si
949 _a378.242 E8
_bBC
_cC
_d33724000513867
_eC
_f1979
_h67351
_i47091
_si
949 _a378.242 E8
_bBC
_cC
_d33724000514055
_eC
_f1978
_h67350
_i47091
_si
949 _a378.242 E8
_bBC
_cC
_d33724000514071
_eC
_f1973
_h39416
_i47091
_si
949 _a378.242 E8
_bBC
_cC
_d33724000514089
_eC
_f1976
_h48892
_i47091
_si
949 _a378.242 E8
_bBC
_cC
_d33724000514121
_eC
_f1981
_h63509
_i47091
_si
999 _c41989
_d41989